[Event "FIN-chT 1314"]
[Site "Finland"]
[Date "2014.02.08"]
[Round "7.6"]
[White "Hautaniemi, Jarmo"]
[Black "Saastamoinen, Aarne"]
[Result "0-1"]
[WhiteElo "2027"]
[BlackElo "2107"]
[PlyCount "122"]
[EventDate "2013.09.21"]
[EventType "team-tourn"]
[EventRounds "11"]
[EventCountry "FIN"]
[SourceTitle "EXT 2015"]
[Source "ChessBase"]
[SourceDate "2014.11.20"]
[SourceVersion "1"]
[SourceVersionDate "2014.11.20"]
[SourceQuality "1"]
[WhiteTeam "Sastamala VammSK"]
[BlackTeam "Joensuu SK"]
[WhiteTeamCountry "FIN"]
[BlackTeamCountry "FIN"]

1. d4 Nf6 2. c4 e6 3. Nc3 Bb4 4. e3 0-0 5. Nge2 d5 6. a3 Be7 7. cxd5 exd5 8. Nf4 c6 9. Bd3 Re8 10. 0-0 Nbd7 11. e4 dxe4 12. Nxe4 Nxe4 13. Bxe4 Nf6 14. Bf3 Bd6 15. Qd3 g6 16. Rd1 Bf5 17. Qb3 Qb6 18. Qxb6 axb6 19. h3 Bc2 20. Rf1 Be4 21. Bxe4 Rxe4 22. g3 Bxf4 23. Bxf4 Nd5 24. Rad1 Nxf4 25. gxf4 Rd8 26. d5 cxd5 27. Rd3 Rxf4 28. Rfd1 d4 29. Rc1 Rd7 30. Rc4 Kg7 31. Rb4 Rd6 32. Kg2 Re4 33. Kg3 g5 34. a4 Rf4 35. a5 bxa5 36. Rxb7 Kg6 37. Rb5 Rf5 38. Rb8 Kh5 39. b4 Rdf6 40. f3 a4 41. Ra8 Re6 42. Rxa4 Re3 43. Rxe3 dxe3 44. Ra2 Re5 45. Re2 f5 46. f4 Re4 47. b5 gxf4+ 48. Kf3 Rb4 49. b6 Kh4 50. b7 Rxb7 51. Kxf4 Re7 52. Kf3 Re4 53. Re1 e2 54. Kf2 h5 55. Kf3 Kg5 56. Rg1+ Kf6 57. Re1 Ke5 58. Rxe2 Rxe2 59. Kxe2 Kf4 60. Kf2 h4 61. Kg2 Ke3 0-1

[Event "Turku We TSY"]
[Site "Turku"]
[Date "2013.??.??"]
[Round "2"]
[White "Valkama, Eero"]
[Black "Hautaniemi, Jarmo"]
[Result "1/2-1/2"]
[WhiteElo "1851"]
[BlackElo "2023"]
[PlyCount "32"]
[EventDate "2013.??.??"]
[EventType "swiss"]
[EventRounds "5"]
[EventCountry "FIN"]
[SourceTitle "EXT 2022"]
[Source "ChessBase"]
[SourceDate "2021.10.06"]
[SourceVersion "1"]
[SourceVersionDate "2021.10.06"]
[SourceQuality "1"]

1. e4 c5 2. Nf3 g6 3. d4 Bg7 4. c4 cxd4 5. Nxd4 Nc6 6. Be3 Nf6 7. Nc3 0-0 8. Be2 b6 9. 0-0 Bb7 10. f3 Qb8 11. Qd2 d6 12. Rfd1 Rd8 13. Rac1 Rd7 14. b3 Qf8 15. Ndb5 Rad8 16. Nd5 e6 1/2-1/2

[Event "Naantali op"]
[Site "Naantali"]
[Date "2012.07.08"]
[Round "9"]
[White "Hautaniemi, Jarmo"]
[Black "Lindholm, Lars"]
[Result "1-0"]
[WhiteElo "2067"]
[BlackElo "1709"]
[PlyCount "35"]
[EventDate "2012.07.02"]
[EventType "swiss"]
[EventRounds "9"]
[EventCountry "FIN"]
[SourceTitle "CBM 149 Extra"]
[Source "ChessBase"]
[SourceDate "2012.08.24"]
[SourceVersion "1"]
[SourceVersionDate "2012.08.24"]
[SourceQuality "1"]

1. d4 g6 2. c4 Bg7 3. Nc3 Nf6 4. e4 d6 5. Nf3 Nbd7 6. Be2 c5 7. 0-0 cxd4 8. Nxd4 Nc5 9. f3 0-0 10. Be3 a6 11. Qd2 Qc7 12. Rac1 Rd8 13. b4 Ne6 14. Nd5 Qd7 15. Nb6 Qe8 16. Nxa8 Nxd4 17. Bxd4 e5 18. Be3 1-0

[Event "Naantali op"]
[Site "Naantali"]
[Date "2012.07.05"]
[Round "6"]
[White "Rehn, Ralf"]
[Black "Hautaniemi, Jarmo"]
[Result "1-0"]
[WhiteElo "2159"]
[BlackElo "2067"]
[PlyCount "71"]
[EventDate "2012.07.02"]
[EventType "swiss"]
[EventRounds "9"]
[EventCountry "FIN"]
[SourceTitle "CBM 149 Extra"]
[Source "ChessBase"]
[SourceDate "2012.08.24"]
[SourceVersion "1"]
[SourceVersionDate "2012.08.24"]
[SourceQuality "1"]

1. d4 d5 2. Nf3 Nf6 3. Bf4 c6 4. e3 Bf5 5. Bd3 Bxd3 6. Qxd3 Qb6 7. Nbd2 e6 8. 0-0 Be7 9. c4 Qa6 10. b3 0-0 11. Qc2 Nbd7 12. c5 Nh5 13. Rfe1 b6 14. b4 bxc5 15. bxc5 Nxf4 16. exf4 Bf6 17. Rab1 Rab8 18. Rxb8 Rxb8 19. f5 Re8 20. g4 Nf8 21. g5 Be7 22. fxe6 Nxe6 23. h4 Qc8 24. Qf5 g6 25. Qg4 Kf8 26. Ne5 f5 27. gxf6 Bxf6 28. Ndf3 Ng7 29. Nd7+ Kf7 30. Nfe5+ Bxe5 31. Nxe5+ Kg8 32. Rb1 Nf5 33. h5 Nxd4 34. Nd7 Ne2+ 35. Kh1 Nc3 36. Rb8 1-0

[Event "Naantali op"]
[Site "Naantali"]
[Date "2012.07.04"]
[Round "4"]
[White "Hautaniemi, Jarmo"]
[Black "Hurme, Harri M"]
[Result "1-0"]
[WhiteElo "2067"]
[BlackElo "2180"]
[PlyCount "127"]
[EventDate "2012.07.02"]
[EventType "swiss"]
[EventRounds "9"]
[EventCountry "FIN"]
[SourceTitle "CBM 149 Extra"]
[Source "ChessBase"]
[SourceDate "2012.08.24"]
[SourceVersion "1"]
[SourceVersionDate "2012.08.24"]
[SourceQuality "1"]

1. d4 d5 2. Bg5 Nc6 3. Nf3 f6 4. Bh4 Bf5 5. e3 e6 6. Bd3 Nh6 7. 0-0 Bd6 8. c4 Nb4 9. Bxf5 Nxf5 10. c5 Be7 11. Qb3 a5 12. a3 Nc6 13. Qxb7 Kd7 14. Qb3 Qb8 15. Qc2 Nxh4 16. Nxh4 Qb7 17. Nc3 Rab8 18. Rab1 Qb3 19. Qe2 f5 20. Nf3 Bf6 21. Nd2 Qb7 22. Qf3 Qa6 23. Rfc1 g6 24. a4 Nb4 25. c6+ Ke7 26. Nb5 Rbc8 27. Qg3 Qb6 28. Rc3 Kf7 29. Nb3 Rhd8 30. Nc5 Nxc6 31. Nd3 Na7 32. Nxc7 Rd6 33. Rbc1 Rc6 34. Rxc6 Nxc6 35. Nb5 Rd8 36. Qc7+ Qxc7 37. Nxc7 Ne7 38. Nb5 g5 39. g3 h5 40. Rc7 h4 41. gxh4 g4 42. Ra7 Bxh4 43. Rxa5 Ng6 44. Ra7+ Be7 45. Rc7 Kf6 46. b3 Nh4 47. Ne5 Nf3+ 48. Kg2 Ne1+ 49. Kf1 Nf3 50. Nc6 Rh8 51. Nxe7 Rxh2 52. Ng8+ Kg6 53. Nc3 Rh1+ 54. Ke2 Rh2 55. Kf1 Rh1+ 56. Ke2 Re1+ 57. Kd3 Rf1 58. Ne2 Ne1+ 59. Kd2 Nf3+ 60. Kc3 Rxf2 61. Nf4+ Kg5 62. Rh7 g3 63. Rh5+ Kg4 64. Nf6# 1-0

[Event "Naantali op"]
[Site "Naantali"]
[Date "2012.07.03"]
[Round "3"]
[White "Hautaniemi, Jarmo"]
[Black "Pyylampi, Sauli"]
[Result "1-0"]
[WhiteElo "2067"]
[BlackElo "1917"]
[PlyCount "77"]
[EventDate "2012.07.02"]
[EventType "swiss"]
[EventRounds "9"]
[EventCountry "FIN"]
[SourceTitle "CBM 149 Extra"]
[Source "ChessBase"]
[SourceDate "2012.08.24"]
[SourceVersion "1"]
[SourceVersionDate "2012.08.24"]
[SourceQuality "1"]

1. d4 f5 2. Bg5 h6 3. Bh4 g5 4. Bg3 Nf6 5. e3 Bg7 6. Bd3 d6 7. c4 e6 8. Nc3 c6 9. h4 Ke7 10. Qc2 Nbd7 11. 0-0-0 d5 12. cxd5 Nxd5 13. Nxd5+ cxd5 14. Bc7 Qf8 15. Qb3 Ke8 16. hxg5 hxg5 17. Rxh8 Bxh8 18. g4 Qf7 19. gxf5 exf5 20. Nf3 g4 21. Nh4 Nf8 22. Bg3 a6 23. Kb1 Be6 24. Rc1 Rc8 25. Rxc8+ Bxc8 26. Qc2 Be6 27. Nxf5 Qd7 28. Nd6+ Ke7 29. Qc5 Bg7 30. Bh4+ Bf6 31. Ne4+ Kf7 32. Nxf6 Qc8 33. Qxc8 Bxc8 34. Nxd5 b5 35. Nb6 Bb7 36. Bf5 Bf3 37. Kc1 Ng6 38. Bxg6+ Kxg6 39. d5 1-0

[Event "Turku We TSY"]
[Site "Turku"]
[Date "2012.??.??"]
[Round "2"]
[White "Kangas, Lauri"]
[Black "Hautaniemi, Jarmo"]
[Result "1-0"]
[WhiteElo "2043"]
[BlackElo "2042"]
[PlyCount "81"]
[EventDate "2012.??.??"]
[EventType "swiss"]
[EventRounds "5"]
[EventCountry "FIN"]
[SourceTitle "EXT 2022"]
[Source "ChessBase"]
[SourceDate "2021.10.06"]
[SourceVersion "1"]
[SourceVersionDate "2021.10.06"]
[SourceQuality "1"]

1. d4 Nf6 2. c4 e5 3. dxe5 Ng4 4. Nf3 Bc5 5. e3 Nc6 6. Be2 0-0 7. 0-0 Ngxe5 8. Nbd2 Re8 9. a3 a5 10. b3 Qf6 11. Rb1 Qe7 12. Ra1 Ng4 13. Nb1 Ra6 14. Nc3 Nce5 15. Nd5 Qd8 16. Nxe5 Nxe5 17. Bb2 Rh6 18. b4 axb4 19. axb4 Bf8 20. Ra8 d6 21. Qd4 Nc6 22. Qf4 Ne7 23. Bf3 Ng6 24. Qxh6 gxh6 25. Nf6+ Kg7 26. Nxe8+ Kg8 27. Nf6+ Kg7 28. Bg4 Ne7 29. Nd5+ Kg6 30. Nxe7+ Qxe7 31. Rxc8 Bg7 32. Bxg7 Kxg7 33. Bf3 b6 34. Bd5 h5 35. Ra1 Qd7 36. Raa8 Qf5 37. g3 h4 38. Rxc7 Qb1+ 39. Kg2 Qxb4 40. Rxf7+ Kh6 41. Rh8 1-0